10 największych miast w Polsce - Statystyki

Ogólne statystyki
  • Ten quiz został rozwiązany 4 137 razy
    2 749 od ostatniego zresetowania
  • Średni wynik to 6 z 10
Statystyki odpowiedzi
Liczba ludności % ludności Miasto % Poprawnych
1 860 281 5,0% Warszawa
100%
802 800 2,2% Kraków
93%
673.923 1,8% Wrocław
77%
670 642 1,8% Łódź
64%
546 859 1,5% Poznań
59%
486 022 1,3% Gdańsk
57%
396 472 1,0% Szczecin
48%
337 666 0,9% Bydgoszcz
38%
334 681 0,9% Lublin
36%
293 413 0,8% Białystok
34%
Nie znaleziono quizów pasujących do podanych kryteriów
Rozkład punktacji
Procent ludzi z każdym wynikiem
Percentyl według liczby udzielonych odpowiedzi
Twoja historia wyników
Nie rozwiązałeś tego quizu od ostatniego zresetowania